00378nam a2200121 a 450000500170000000800410001704100080005804400070006610000410007324501080011426000250022230000090024720140130115605.0140130b2008 ck ||||| |||| 00| 0 spa d aspa ack aBenavides Molineros, Julia Elizabeth aMantenimiento y desarrollo de productos y servicios de información en el marco del SIBbInforme final aBogotábIAVHc2008 a4 h.